000 02276nam0a22004571 4500
001 RU\NLR\A1SV\31309
005 20251203171251.9
035 _a(NLR Aleph) 009715205
090 _a9852058
_c9852058
100 _a20000410d1923 u y0rusy50 ca
101 0 _arus
102 _aRU
200 1 _aВопросы сельскохозяйственного машиностроения в России
_fСт.: Г.И.Бруно, А.Я.Глаголева, С.Куницы [и др.]
210 _aМ.
_cПрофшк. им. тов. Борщевского
_d1923
215 _a50 с.
_cдиагр.
_d27 см
225 _aБ-ка "Экон. жизни"
_v№ 6
327 1 _aПроблемы восстановления нашего с.-х. машиностроения / А.Стоклицкий
_aО возможности выполнения плана восстановления с.-х. машиностроения / Э.Липгарт
_aПоложение крупного с.-х. машиностроения в России / Г.Бруно
_aСбыт с.-х. машин в условиях наступающего 1923 г. / А.Я.Глаголев
_aК вопросу о качестве с.-х. машин и орудий нашего производства / С.Куница
_aСтандартизация типов и нормализация элементов с.-х. машин / А.Элькинд
_aПроблема механизации в земледелии / Н.Федотов
620 _dМосква
702 1 _aБруно
_bГ. И.
702 1 _aГлаголев
_bА. Я.
_gАлексей Яковлевич
702 1 _aКуница
_bС.
702 1 _aЭлькинд
_bА.
702 1 _aФедотов
_bН. Д.
_gНиколай Денисович
702 1 _aСтоклицкий
_bА. В.
_gАлександр Вениаминович
702 1 _aЛипгарт
_bЭ. Э.
801 0 _aRU
_bNLR
_c20000410
852 _aNLR
_j37.60.1.66
899 _aГПИБ
899 _aSLK
899 _aГОПБ
899 _aУОНБ
899 _aСПбГУ
899 _aБАН
899 _aИОНБ
899 _aРКП
899 _aРГБ
899 _aНБ Бел.
942 _cBOOK
980 _aNB
980 _aA1SV